000 01296cam a22003615a 4500
001 12917021
005 20170105102856.0
008 020905s2002 nyub b 000 0 eng c
010 _a 2002112576
015 _aGBA3-22751
020 _a1564322793
035 _a(OCoLC)ocm50961441
040 _aDBI
_cDBI
_dILI
_dUKM
_dOCLCQ
_dDLC
042 _apcc
043 _aa-br---
050 0 0 _aHQ784.W3
_bM9 2002
110 0 _aHuman Rights Watch
245 1 0 _a"My gun was as tall as me" :
_bchild soldiers in Burma.
_cHuman Rights Watch
246 3 0 _aChild soldiers in Burma
260 _aNew York :
_bHuman Rights Watch,
_cc2002.
300 _aiv, 213 p. :
_bmap ;
_c23 cm.
500 _aWritten by Kevin Heppner based on research conducted in March 2002 by Kevin Heppner and Jo Becker; edited by Jo Becker ... [et al.]
504 _aIncludes bibliographical references.
650 0 _aChild soldiers
_zBurma.
650 0 _aChildren and war
_zBurma.
700 1 _aHeppner, Kevin.
700 1 _aBecker, Jo.
710 2 _aHuman Rights Watch (Organization)
906 _a7
_bcbc
_cpccadap
_d2
_encip
_f20
_gy-gencatlg
942 _2ddc
_cBK
999 _c14482
_d14482